| 000 | 00515nam a2200169 a 4500 | ||
|---|---|---|---|
| 001 | 3020 | ||
| 005 | 20140414131940.0 | ||
| 008 | 060119s19uu xx 00 eng d | ||
| 020 | _a0-439-55369-5 | ||
| 050 |
_aTR 372.7 _bR15 2004 |
||
| 100 | _aRandolph, Danette | ||
| 245 |
_aNumber & concepts workbook, Grades Pre K-K : _bScholastic success with . . / _cby Danette Randolph. |
||
| 260 |
_aNew York : _bScholastic, _c2004. |
||
| 300 | _a48 p. ; cm. | ||
| 650 |
_aArithmetic _xJuvenile literature. |
||
| 999 |
_c112563 _d112563 |
||